000 01016nam0a22002531 4500
001 rc\2770830
005 20250805160813.4
035 _a(NLR Aleph) 006897209
090 _a7209472
_c7209472
100 _a20110915d1941 |||y0rusy50 ca
101 0 _arus
102 _aRU
105 _aa z |||||
200 1 _aПорядок подготовки цистерн к наливу нефтепродуктов
_fЧлен НИТО, инж. И. Н. Бойко
_gПод ред. члена НИТО т. С. С. Гукаева
_gДор. науч. инж.-тех. о-во "ДорНИТО"
210 _a[Орджоникидзе]
_cДорНИТО Орджоникидз. ж. д.
_d1941
215 _a64 с., 8 вкл. л. ил., черт., табл.
_cчерт.
_d20 см.
700 1 _aБойко
_bИ. Н.
801 0 _aRU
_bNLR
_gpsbo
801 1 _aRU
_bELAR
_2rusmarc
852 _aNLR
_jТ86 Г-4/58
942 _cBOOK
945 _aРоссийская национальная библиотека
980 _aNB
980 _aBV